Understanding Medical Surgical Nursing (Record no. 56853)

MARC details
000 -LEADER
fixed length control field 00418nam a2200157Ia 4500
008 - FIXED-LENGTH DATA ELEMENTS--GENERAL INFORMATION
fixed length control field 220603s9999 xx 000 0 und d
082 ## - DEWEY DECIMAL CLASSIFICATION NUMBER
Classification number 610.73677
Item number WIL/HOP
100 ## - MAIN ENTRY--PERSONAL NAME
Personal name Williams Linda & Hopper Paula
9 (RLIN) 92859
245 ## - TITLE STATEMENT
Title Understanding Medical Surgical Nursing
250 ## - EDITION STATEMENT
Edition statement 4th ed
260 ## - PUBLICATION, DISTRIBUTION, ETC. (IMPRINT)
Place of publication, distribution, etc. New Delhi
Name of publisher, distributor, etc. Jaypee Brothers
Date of publication, distribution, etc. 2012
300 ## - PHYSICAL DESCRIPTION
Extent 1459p
365 ## - TRADE PRICE
Price amount Rs.
542 ## - INFORMATION RELATING TO COPYRIGHT STATUS
Personal creator death date BSC
Holdings
Withdrawn status Lost status Damaged status Not for loan Home library Current library Date acquired Vendor Bill number Total Checkouts Barcode Date last seen Bill Date Koha item type Original Barcode Full call number
        Smt. Bakul Tambat Institute of Nursing Education Smt. Bakul Tambat Institute of Nursing Education 01/01/1901 Magna Publishing Company Ltd. 3646   BTIN-CD-297 10/08/2022 29/11/2012 CD CD000297  
        Smt. Bakul Tambat Institute of Nursing Education Smt. Bakul Tambat Institute of Nursing Education 01/01/1901 Jaypee Brothers Medical Publishers 3646   BTIN-CD-290 10/08/2022 29/11/2012 CD CD000290  
        Smt. Bakul Tambat Institute of Nursing Education Smt. Bakul Tambat Institute of Nursing Education 02/11/2018 Rotary Club 3646   BTIN-CD-381 10/08/2022 29/11/2012 CD CD0381 610.7361 WIL CD0381